| 000 | 00949nam a22002055i 4500 | ||
|---|---|---|---|
| 001 | 155361 | ||
| 003 | ES-MaACL | ||
| 005 | 20251014063221.0 | ||
| 008 | 991103s1870 sp |||| | spa d | ||
| 040 |
_aCCPB | B _bspa _cCCPB | B |
||
| 100 | 1 |
_aHerranz y Gonzalo, Juan José, _cConde de Reparaz _9127924 |
|
| 245 | 1 | 3 |
_aEl grito en el cielo _b: farsa lírica en dos actos / _cpor Juan J. Herranz y Santiago de Liniers ; música de I. Jimeno. |
| 260 |
_aMadrid : _b[s.n.], _c1870 ( _fEst. tip. de Luis Jayme) |
||
| 300 |
_a78 p. ; _c19 cm. |
||
| 500 | _aSolo la letra. | ||
| 700 | 1 |
_aLiniers, Santiago de Liniers y Gallo Alcántara, _cConde de, _d1842-1908 _9128961 |
|
| 700 | 1 |
_aJimeno de Lerma, Ildefonso. _9128309 |
|
| 852 |
_aES-MaACL _jF-8624(1) _z-- Enc. pasta española _q-- Falto de la cub. original _z-- Enc. en un vol. facticio formando parte de la col. facticia "Teatro español moderno", vol. 79 |
||
| 999 |
_c155361 _d155361 |
||